00989 a2200169 4500020001500000020001800015082000800033100002300041245006600064250001200130260004400142300002100186500001500207520042800222856008200650856008700732 a0471392200 a978047139220004a3321 aDamodaran, Aswath.10aCorporate finance :btheory and practice /cAswath Damodaran. a2nd ed. a[S.l.] :bJohn Wiley & Sons Inc,c2001. a928 p. ;c26 cm. aHardcover. aA text with a thoroughly integrated applications orientation revolving around the philosophy that companies need to know how to finance organizations in order to reach optimal capital structure. Recognizing that every investment decision involves choosing the right amount of debt and equity, the text suggests readers look at data and ask, "What is relevant? Why is this detail important? How does it answer the question?"403Amazon.comuhttp://www.amazon.com/exec/obidos/ASIN/0471392200/chopaconline-20403Amazon customer reviewsuhttp://www.chopac.org/cgi-bin/tools/azrev.pl?q=0471392200